Μουσείο Ιστορίας της Τέχνης, Βιέννη

Αποθηκεύτηκε σε:
Λεπτομέρειες βιβλιογραφικής εγγραφής
Κύριος συγγραφέας: Κουτσουμπού, Μαρία
Μορφή: Βιβλίο
Γλώσσα:Greek
Δημοσίευση: Αθήνα : Η Καθημερινή, c2010.
Σειρά:Βιβλιοθήκη τέχνης (Εφημ. Η Καθημερινή)
Θέματα:
Ετικέτες: Προσθήκη ετικέτας
Δεν υπάρχουν, Καταχωρήστε ετικέτα πρώτοι!

MARC

LEADER 00000cam a2200000 i 4500
001 1/32032
008 130619s2010 gr | ||| |||| ||gre||
020 |a 9789604751365 
035 |l 10114844 
040 |a GR-MyUa  |b gre  |e AACR2 
041 0 |a gre 
082 0 |a 709.3807443613   |2 (22) 
100 1 |a Κουτσουμπού, Μαρία. 
245 1 0 |a Μουσείο Ιστορίας της Τέχνης, Βιέννη /   |c κείμενα: Μαρία Κουτσουμπού. 
260 |a Αθήνα :   |b Η Καθημερινή,   |c c2010. 
300 |a 94 σ. :   |b εικ. ;   |c 20 εκ. 
490 0 |a (Η ελληνική τέχνη στα μουσεία του κόσμου ;   |v 5) 
490 1 |a (Βιβλιοθήκη τέχνης / Εφημ. Η Καθημερινή ;   |v 5) 
610 2 0 |a Kunsthistorisches Museum Wien. 
650 0 |a Art, Greek  |z Austria  |z Vienna. 
830 0 |a Βιβλιοθήκη τέχνης (Εφημ. Η Καθημερινή) 
852 |a INST  |b SYROS  |e 20130619  |h 709.3807443613 ΚΟΥ  |p 005500010881  |q 005500010881  |t BK  |y 0 
901 |a BIBL5-2013-1 
970 |a Κοντού  |b Παρασκευή  |z 19/06/2013